| 000 | 00462nam a2200145Ia 4500 | ||
|---|---|---|---|
| 008 | 170224s9999 xx 000 0 und d | ||
| 100 | _aSimon Hussain | ||
| 245 | _aJournal Rankings, Collaborative Research and Publication Strategies: Evidence from China | ||
| 245 | _cSimon Hussain, Lana Liu, Yue Wang & Lingyan Zuo | ||
| 260 | _bAccounting Education | ||
| 260 | _c2015 | ||
| 300 | _a24:3, Pages: 233-255 | ||
| 650 | _xAccountancy | ||
| 650 | _xAccounting | ||
| 999 |
_c316136 _d316136 |
||